| 000 | 00589nam a2200181 4500 | ||
|---|---|---|---|
| 005 | 20260428162349.0 | ||
| 008 | 260428b |||||||| |||| 00| 0 eng d | ||
| 020 |
_a9781435428478 _qpbk |
||
| 041 | _aeng | ||
| 082 | _a343.7307 PIE | ||
| 100 | _aPieczynski,Linda | ||
| 245 |
_aThe Building Process Simplified _bA Homeowner's and Contractor's Guide to Codes, Permits, and Inspections _cLinda Pieczynski |
||
| 260 |
_aUnited States _bDelmar Cengage Learning _c2009 |
||
| 300 |
_a161p. : _c20cm. |
||
| 504 | _aindex | ||
| 650 | _aMilitary, tax, trade & industrial law | ||
| 942 | _cENGLISH | ||
| 999 |
_c620286 _d620286 |
||